000 00846nam a2200229Ia 4500
001 15594
003 GE_BSU
008 181216s||||||||xx |||||||||||||| ||und||
040 _cGE_BSU
080 _a821.353.1-92 + 821.353.1-4
100 _aწულეისკირი, ნოდარ
245 _aმთისა და ბარისა
245 _bპუბლ. წერილები და ნარკვევები
245 _cრედ.ნინო ახალკაცი. მხატვ.ც. გაჩეჩილაძე
260 _aთბილისი
260 _bმერანი
260 _c1987
300 _a268გვ. ; 20სმ.
653 _aმთისა და ბარისა
653 _aპუბლ. წერილები და ნარკვევები
942 _cBK
999 _c48694
_d48694